MARC

LEADER 00000nam0a2200000 4500
001 315210
005 20231102002744.0
035 |a (RuTPU)RU\TPU\book\340643 
090 |a 315210 
100 |a 20160226d1976 m y0rusy50 ca 
101 0 |a rus 
102 |a RU 
105 |a c z 001zb 
200 1 |a Мария Малых  |f А. С. Блинов, Т. А. Пострелова 
210 |a Ленинград  |c Лениздат  |d 1976 
215 |a 182 с.  |c портр. 
316 |5 63413507: 77-1979  |a С дарственной надписью: "В Томский политехнический институт от Валентины Сергеевны Малых. 10.01.77 г. Иркутск". 
320 |a Литература: с. 181. 
600 1 |a Малых  |b М. А.  |c российская издательница  |f 1879-1967  |g Мария Александровна  |2 stltpush  |3 (RuTPU)RU\TPU\pers\20663  |9 8397 
606 |a Издательское дело  |x История  |2 stltpush  |3 (RuTPU)RU\TPU\subj\12222  |9 39048 
610 1 |a книгоиздатели 
610 1 |a книгоиздательская деятельность 
610 1 |a 20 век 
610 1 |a дарственная надпись 
610 1 |a дары 
610 1 |a Томск 
686 |a Ч617.3  |v LBC/SL-A  |2 rubbk 
700 1 |a Блинов  |b А. С.  |g Александр Сергеевич 
701 1 |a Пострелова  |b Т. А.  |g Татьяна Александровна 
801 1 |a RU  |b 63413507  |c 20160226 
801 2 |a RU  |b 63413507  |c 20160226  |g RCR 
942 |c BK